How much do Hungarian teachers with English knowledge read in Hungarian and in English?

Elmentve itt :
Bibliográfiai részletek
Szerző: Tary Blanka
Testületi szerző: Pedagógiai értékelési konferencia PÉK (17.) (2019) (Szeged)
Dokumentumtípus: Könyv része
Megjelent: 2019
Sorozat:Pedagógiai Értékelési Konferencia 17
Kulcsszavak:Tanári képességek - olvasási szokások, Olvasás anyanyelven, Olvasás angolul - előadáskivonat
Online Access:http://acta.bibl.u-szeged.hu/66262
LEADER 00776naa a2200181 i 4500
001 acta66262
005 20260224081030.0
008 200421s2019 hu o 100 eng d
040 |a SZTE Egyetemi Kiadványok Repozitórium  |b hun 
041 |a eng 
100 1 |a Tary Blanka 
245 1 0 |a How much do Hungarian teachers with English knowledge read in Hungarian and in English?  |h [elektronikus dokumentum] /  |c  Tary Blanka 
260 |c 2019 
300 |a 93 
490 0 |a Pedagógiai Értékelési Konferencia  |v 17 
695 |a Tanári képességek - olvasási szokások, Olvasás anyanyelven, Olvasás angolul - előadáskivonat 
710 |a Pedagógiai értékelési konferencia PÉK (17.) (2019) (Szeged) 
856 4 0 |u http://acta.bibl.u-szeged.hu/66262/1/pek_2019_093.pdf  |z Dokumentum-elérés